ბათუმის შოთა რუსთაველის სახელმწიფო უნივერსიტეტის ბიბლიოთეკა

Государственное и муниципальное управление с использованием информационных технологий. (ბიბ.ჩანაწერი № 44275)

000 -LEADER
fixed length control field 00856nam a2200229Ia 4500
001 - CONTROL NUMBER
control field 11033
003 - CONTROL NUMBER IDENTIFIER
control field GE_BSU
008 - FIXED-LENGTH DATA ELEMENTS--GENERAL INFORMATION
fixed length control field 181216s||||||||xx |||||||||||||| ||und||
020 ## - INTERNATIONAL STANDARD BOOK NUMBER
International Standard Book Number 978516004287
040 ## - CATALOGING SOURCE
Transcribing agency GE_BSU
080 ## - UNIVERSAL DECIMAL CLASSIFICATION NUMBER
Universal Decimal Classification number 351/354:004
100 ## - MAIN ENTRY--PERSONAL NAME
Personal name Иванов,В.В. Коробова,А.Н.
245 ## - TITLE STATEMENT
Title Государственное и муниципальное управление с использованием информационных технологий.
260 ## - PUBLICATION, DISTRIBUTION, ETC.
Place of publication, distribution, etc. Москва
260 ## - PUBLICATION, DISTRIBUTION, ETC.
Name of publisher, distributor, etc. Инфра-М.
260 ## - PUBLICATION, DISTRIBUTION, ETC.
Date of publication, distribution, etc. 2014.
300 ## - PHYSICAL DESCRIPTION
Extent 383стр,илл,24см.
300 ## - PHYSICAL DESCRIPTION
Accompanying material Библиогр:с.373-380.
653 ## - INDEX TERM--UNCONTROLLED
Uncontrolled term Государственное и муниципальное управление с использованием информационных технологий.
942 ## - ADDED ENTRY ELEMENTS (KOHA)
Koha item type წიგნი
ეგზემპლარები
Withdrawn status Lost status Damaged status Not for loan Date acquired Barcode Date last seen Price effective from Koha item type
        2018-12-17 35397 2018-12-17 2018-12-17 წიგნი